| 000 | 00767cam a2200241 4500 | ||
|---|---|---|---|
| 001 | 22916 | ||
| 003 | BD-RjUL | ||
| 005 | 20211209000854.0 | ||
| 008 | 140309s1960 ii ac b 001 0beng d | ||
| 035 | _a(BD-RjUL)22981 | ||
| 040 |
_aBD-RjUL _beng _cBD-RjUL _dBD-RjUL |
||
| 041 | _aeng | ||
| 082 |
_a891.4 _bTHR 1960 |
||
| 100 | 1 |
_aThompson, Edward John, _d1886-1946. _967439 |
|
| 245 | 1 | 0 |
_aRabindranath Tagore : _bhis life and work / _cby E. J. Thompson |
| 260 |
_aCalcutta : _bAssociation Press, _c1960. |
||
| 300 |
_axiv, 96 p. : _bill. ; _c24 cm |
||
| 490 | _athe heritage of india series. | ||
| 504 | _aIncludes bibliographical references | ||
| 600 | 1 | 0 |
_aTagore, Rabindranath, _d1861-1941. _970671 |
| 830 | 0 |
_aHeritage of India series. _970672 |
|
| 942 |
_2ddc _cBK |
||
| 999 |
_c22916 _d22916 |
||